1083 1847 1613 1972 1625 1564 1150 1292 1062 1880 1714 1262 1199 1641 1915 1657 1671 1493 1349 1388 1172 1489 1519 1236 1754 1336 1962 1870 1273 1189 1139 1185 1350 1094 1143 1674 1436 1638 1945 1537 1991 1165 1472 1111 1545 1932 1147 1495 1797 1196 1073 1255 1032 1465 1767 1675 1875 1709 1876 1091 1121 1105 1141 1767 1191 1877 1833 1775 1024 1842 1242 1548 1357 1464 1077 1653 1579 1468 1359 1657 1197 1816 1665 1895 1831 1479 1254 1189 1284 1844 1208 1561 1255 1506 1263 1164 1696 1490 1570 BCNSPRNW ULIB Ver.6.0+V

เปลี่ยนเป็นภาษาไทย

Change to English
 แสดงรายละเอียดบรรณานุกรม
  กลับหน้าหลัก

Brief Record : Get Marc (ISO 2709) : E-mail record : QR code < ปิดหน้าต่าง
LEADER : 00000nam 2200000uu 4500
001    13399113034
003     ULIB
008    110921s2552||||th 000 0 tha d
020    9786167004037
050  4 TT870^bร343ม 2552
100 0  รัชนีวรรณ เพ็งปรีชา
245 10 มหัศจรรย์การพับกระดาษ /^cรัชนีวรรณ เพ็งปรีชา
260    กรุงเทพฯ :^bเพชรการเรือน,^c2552
300    85 หน้า ;^bภาพประกอบสี
650  7 พับกระดาษ
945    ^p160^l0^i027674
995    ทศพร
999 ^a ทศพร
รายการนี้ยังไม่มีแท็ก
คุณยังไม่ได้ล็อกอิน คุณสามารถมีกิจกรรมร่วมกับเว็บไซต์ได้ แต่ต้องล็อกอินก่อน ::
  ล็อกอิน

รายการสื่อสารสนเทศ

ลำดับที่ ประเภท เลขเรียก/บาร์โค้ด สถานที่ สถานะ
- ไม่พบข้อมูล -

รายการใกล้เคียง
    ผู้แต่ง [รัชนีวรรณ เพ็งปรีชา]

    หัวเรื่อง [พับกระดาษ]

BibComment


ยังไม่เคยถูกคอมเมนท์

คอมเมนท์ทรัพยากรรายการนี้
  คอมเมนท์: มหัศจรรย์การพับกร..


 Copyright 2026. Bcnsprnw @Library